|
|
|
|
| LEADER |
00000nam0a2200000 4500 |
| 001 |
105295 |
| 005 |
20231031114353.0 |
| 035 |
|
|
|a (RuTPU)RU\TPU\book\113590
|
| 090 |
|
|
|a 105295
|
| 100 |
|
|
|a 20061114d1961 m y0rusy50 ca
|
| 101 |
0 |
|
|a rus
|
| 102 |
|
|
|a RU
|
| 105 |
|
|
|a a z 001zy
|
| 200 |
1 |
|
|a Натриевоборосиликатные и пористые стекла
|f О. С. Молчанова
|
| 210 |
|
|
|a Москва
|c Оборонгиз
|d 1961
|
| 215 |
|
|
|a 164 с.
|c ил.
|
| 320 |
|
|
|a Библиогр.: с. 156-162.
|
| 610 |
1 |
|
|a натриевоборосиликатные стекла
|
| 610 |
1 |
|
|a пористые стекла
|
| 610 |
1 |
|
|a химические свойства
|
| 610 |
1 |
|
|a получение
|
| 610 |
1 |
|
|a структура
|
| 610 |
1 |
|
|a кварцоидные стекла
|
| 675 |
|
|
|a 666.1
|v 3
|
| 700 |
|
1 |
|a Молчанова
|b О. С.
|
| 801 |
|
1 |
|a RU
|b 63413507
|c 20061114
|g PSBO
|
| 801 |
|
2 |
|a RU
|b 63413507
|c 20070424
|g PSBO
|
| 942 |
|
|
|c BK
|